Normal view
MARC view
- Dukes. Chris. Maggie؛ illustrations Simon Smith
Entry Personal Name
001 - CONTROL NUMBER
- control field: 104
003 - CONTROL NUMBER IDENTIFIER
- control field: JO-AjAnu
005 - DATE AND TIME OF LATEST TRANSACTION
- control field: 20230606070322.0
008 - FIXED-LENGTH DATA ELEMENTS
- fixed length control field: 230606|| aca||aabn | a|a d
040 ## - CATALOGING SOURCE
- Original cataloging agency: JO-AjAnu
- Transcribing agency: JO-AjAnu
100 ## - HEADING--PERSONAL NAME
- Personal name: Dukes. Chris. Maggie؛ illustrations Simon Smith
670 ## - SOURCE DATA FOUND
- Source citation: Work cat.: (JO-AjAnu)56: Dukes. Chris. Maggie؛ illustrations Simon Smith, author, Working with Parents of Children with Special Educational Needs